[Event "London league"]
[Site "?"]
[Date "1983.12.06"]
[Round "?"]
[White "Stebbings, A."]
[Black "Freeman, J."]
[Result "1-0"]
[WhiteElo "2216"]
[BlackElo "2152"]
[PlyCount "77"]
[EventDate "1983.??.??"]

1. d4 Nf6 2. c4 e6 3. Nc3 Bb4 4. e3 O-O 5. Nge2 d5 6. a3 Be7 7. cxd5 exd5 8.
Nf4 Bf5 9. Qb3 Qc8 10. Nfxd5 Nxd5 11. Nxd5 Bd6 12. Nc3 c5 13. d5 a6 14. a4 Nd7
15. Be2 Ne5 16. e4 c4 17. Qc2 Bg6 18. f4 Nd3+ 19. Bxd3 cxd3 20. Qxd3 f6 21. O-O
Re8 22. Bd2 Qd7 23. Rae1 Re7 24. Qf3 Rae8 25. Re2 Bc5+ 26. Kh1 Bd4 27. Rfe1
Bxc3 28. Bxc3 Qxa4 29. e5 fxe5 30. fxe5 Rf8 31. Qe3 Ref7 32. h3 Bh5 33. Rd2 Qh4
34. Rd4 Rf4 35. Rxf4 Rxf4 36. Kh2 Rf2 37. e6 Bf3 38. Rg1 Kf8 39. Be1 1-0

[Event "London league"]
[Site "?"]
[Date "1983.12.21"]
[Round "?"]
[White "Lee, G."]
[Black "Stebbings, A."]
[Result "1-0"]
[WhiteElo "2272"]
[BlackElo "2216"]
[PlyCount "39"]
[EventDate "1983.??.??"]

1. e4 c5 2. c3 Nf6 3. e5 Nd5 4. d4 cxd4 5. Nf3 e6 6. cxd4 d6 7. a3 Be7 8. Bd3
O-O 9. O-O Nd7 10. Qe2 dxe5 11. Nxe5 N7f6 12. Nc3 Qb6 13. Rd1 Rd8 14. Bg5 Qd6
15. Nxd5 Nxd5 16. Bxh7+ Kxh7 17. Qh5+ Kg8 18. Qxf7+ Kh7 19. Rd3 Bxg5 20. Rh3+
1-0

[Event "National Club ch."]
[Site "?"]
[Date "1984.01.08"]
[Round "?"]
[White "Townsend, M."]
[Black "Stebbings, A."]
[Result "1-0"]
[WhiteElo "2208"]
[BlackElo "2216"]
[PlyCount "49"]
[EventDate "1984.??.??"]

1. d4 Nf6 2. c4 g6 3. Nc3 d5 4. Nf3 Bg7 5. cxd5 Nxd5 6. e4 Nxc3 7. bxc3 c5 8.
Rb1 O-O 9. Be2 Qa5 10. Rb5 Qxc3+ 11. Bd2 Qa3 12. Rxc5 Qxa2 13. O-O Nd7 14. Rc7
Qe6 15. Qc2 Nb6 16. Bb4 Bd7 17. d5 Qf6 18. Bc3 Qd6 19. Bxg7 Kxg7 20. Rxb7 Rfc8
21. Qb2+ f6 22. Ra1 Rc7 23. e5 fxe5 24. Nxe5 Kg8 25. Rxb6 1-0

[Event "London league"]
[Site "?"]
[Date "1984.01.11"]
[Round "?"]
[White "Macaulay, S."]
[Black "Stebbings, A."]
[Result "0-1"]
[WhiteElo "2112"]
[BlackElo "2216"]
[PlyCount "60"]
[EventDate "1984.??.??"]

1. e4 c5 2. Nf3 e6 3. d4 cxd4 4. Nxd4 Nc6 5. Nc3 a6 6. Be2 Qc7 7. Be3 Nf6 8.
O-O Bb4 9. Nxc6 bxc6 10. Na4 O-O 11. f4 Be7 12. Bd3 c5 13. c4 d6 14. Qf3 Bb7
15. Nc3 Nd7 16. Qh3 Rfe8 17. Rad1 g6 18. g4 Bf6 19. Rd2 d5 20. e5 d4 21. f5
exf5 22. gxf5 Rxe5 23. fxg6 hxg6 24. Bxg6 fxg6 25. Bf4 Rae8 26. Nd5 Bxd5 27.
cxd5 Nf8 28. Rg2 Qd8 29. Qh6 R5e7 30. Bc7 Rxc7 0-1

[Event "County match"]
[Site "?"]
[Date "1984.01.14"]
[Round "?"]
[White "Stebbings, A."]
[Black "Boyce, G."]
[Result "1-0"]
[WhiteElo "2216"]
[BlackElo "2168"]
[PlyCount "57"]
[EventDate "1984.??.??"]

1. e4 c5 2. Nf3 Nc6 3. d4 cxd4 4. Nxd4 e6 5. Nc3 Qc7 6. Be3 a6 7. Bd3 Nf6 8.
Nb3 b5 9. f4 b4 10. Ne2 d5 11. e5 Nd7 12. O-O Be7 13. Nbd4 Nxd4 14. Bxd4 Nc5
15. Qd2 O-O 16. Qe3 Bd7 17. g4 Nxd3 18. cxd3 Rfc8 19. f5 Bc5 20. f6 Bxd4 21.
Nxd4 Qd8 22. Rf3 Qf8 23. Raf1 Rc7 24. fxg7 Qxg7 25. Rxf7 Qg6 26. Qf4 Rac8 27.
Rf8+ Kg7 28. Rf6 Qe8 29. Rf7+ 1-0

[Event "Eastman cup"]
[Site "London"]
[Date "1984.01.23"]
[Round "?"]
[White "Stebbings, A."]
[Black "Sargeaunt, P."]
[Result "1-0"]
[WhiteElo "2216"]
[BlackElo "1720"]
[PlyCount "77"]
[EventDate "1984.??.??"]

1. e4 e6 2. d4 d5 3. Nd2 c5 4. exd5 exd5 5. Ngf3 Nf6 6. dxc5 Bxc5 7. Nb3 Bb6 8.
Be2 O-O 9. O-O Be6 10. Nbd4 Re8 11. c3 Nbd7 12. Be3 Ne4 13. Qb3 Ndc5 14. Qc2
Bd7 15. Rad1 Qe7 16. Rfe1 Be6 17. Nxe6 fxe6 18. c4 Rad8 19. cxd5 exd5 20. Bb5
Rf8 21. Bg5 Qe6 22. Bxd8 Rxf3 23. gxf3 Qg6+ 24. Kf1 Ng3+ 25. hxg3 Qxc2 26. Bxb6
axb6 27. Rxd5 Qxb2 28. Bc4 Ne6 29. Rd8+ Kf7 30. Bxe6+ Ke7 31. Rd7+ Kf6 32. Rxb7
Qb5+ 33. Kg2 Qc6 34. Rf7+ Kg6 35. Bb3 Qc3 36. Re6+ Kh5 37. Rf5+ g5 38. g4+ Kh4
39. Rh6# 1-0

[Event "London league"]
[Site "?"]
[Date "1984.01.25"]
[Round "?"]
[White "Stebbings, A."]
[Black "Gallagher, J."]
[Result "0-1"]
[WhiteElo "2216"]
[BlackElo "2232"]
[PlyCount "100"]
[EventDate "1984.??.??"]

1. e4 c5 2. Nf3 d6 3. d4 cxd4 4. Nxd4 Nf6 5. Nc3 a6 6. f4 e5 7. Nf3 Nbd7 8. a4
Qc7 9. Bd3 Be7 10. O-O O-O 11. Nh4 g6 12. f5 d5 13. exd5 Nxd5 14. fxg6 hxg6 15.
Nxg6 Qc5+ 16. Kh1 fxg6 17. Bh6 Rxf1+ 18. Qxf1 Nxc3 19. Bxg6 Nf6 20. bxc3 Be6
21. h3 Qxc3 22. Rd1 Qg3 23. Bf5 Bxf5 24. Qxf5 Kf7 25. Bg5 Rg8 26. h4 Qg4 27.
Qxg4 Nxg4 28. Rd7 Nf6 29. Rxb7 Rc8 30. Ra7 Rc6 31. h5 Re6 32. Kg1 Nxh5 33. Bxe7
Rxe7 34. Rxa6 e4 35. Rd6 e3 36. Rd1 Ng3 37. a5 Kf6 38. Kh2 Nf5 39. Re1 Kg5 40.
g3 Nd4 41. Kg2 Nxc2 42. Re2 Nd4 43. Re1 Kg4 44. a6 e2 45. Kf2 Rf7+ 46. Kg2 Ra7
47. Kf2 Rxa6 48. Rh1 Rf6+ 49. Ke1 Kf3 50. Kd2 Kg2 0-1

[Event "London league"]
[Site "?"]
[Date "1984.02.07"]
[Round "?"]
[White "Stebbings, A."]
[Black "Colston, R."]
[Result "1-0"]
[WhiteElo "2216"]
[BlackElo "2184"]
[PlyCount "63"]
[EventDate "1984.??.??"]

1. d4 e6 2. c4 Nf6 3. Nc3 Bb4 4. e3 O-O 5. Nge2 d5 6. a3 Be7 7. cxd5 exd5 8.
Nf4 Bf5 9. Qb3 c5 10. Qxb7 cxd4 11. Qxa8 dxc3 12. Qxa7 Nc6 13. Qa6 Qa5 14. b4
Qc7 15. Bd3 Bd7 16. O-O Ne5 17. Bc2 g5 18. Ne2 Nfg4 19. f4 Nc4 20. Bd3 Bc6 21.
b5 Bb7 22. Qa4 Ncxe3 23. Bxe3 Nxe3 24. Rfc1 Bc5 25. Rxc3 Ra8 26. Rxc5 Qxc5 27.
Qd4 Qxd4 28. Nxd4 Ra4 29. Nb3 Rxf4 30. Nc5 Ba8 31. b6 Rd4 32. Re1 1-0

[Event "Kent league"]
[Site "?"]
[Date "1984.02.08"]
[Round "?"]
[White "Raoof, A."]
[Black "Stebbings, A."]
[Result "0-1"]
[WhiteElo "1984"]
[BlackElo "2216"]
[PlyCount "44"]
[EventDate "1984.??.??"]

1. e4 c5 2. b4 cxb4 3. c4 e6 4. d4 d5 5. Nd2 Nc6 6. Ngf3 Nf6 7. Bd3 dxe4 8.
Nxe4 Nxd4 9. Bb2 Nc6 10. Qe2 Be7 11. O-O Nxe4 12. Bxe4 Bf6 13. Rad1 Qe7 14.
Bxc6+ bxc6 15. Ne5 Qc7 16. c5 O-O 17. Rd3 Ba6 18. f4 Rad8 19. Rff3 Bxd3 20.
Rxd3 Rxd3 21. Qxd3 Rd8 22. Qe4 Rd1+ 0-1

[Event "County match"]
[Site "?"]
[Date "1984.02.11"]
[Round "?"]
[White "Swanson, S."]
[Black "Stebbings, A."]
[Result "1/2-1/2"]
[WhiteElo "2200"]
[BlackElo "2216"]
[PlyCount "63"]
[EventDate "1984.??.??"]

1. e4 c5 2. Nf3 e6 3. d3 Nc6 4. g3 d5 5. Qe2 Nge7 6. Bg2 g6 7. O-O Bg7 8. e5 h6
9. h4 Qc7 10. Re1 b6 11. c3 Ba6 12. Bf4 O-O-O 13. Qd2 d4 14. c4 Rdg8 15. Na3 g5
16. hxg5 Ng6 17. Nb5 Bxb5 18. cxb5 Ncxe5 19. Nxe5 Bxe5 20. Rxe5 Nxe5 21. Qe2
Rxg5 22. Re1 f6 23. Bxg5 hxg5 24. f4 gxf4 25. gxf4 Nd7 26. Qxe6 Qxf4 27. Qc6+
Kd8 28. Re4 Qc1+ 29. Kf2 Qd2+ 30. Kg1 Qc1+ 31. Kf2 Qd2+ 32. Kg1 1/2-1/2

[Event "Kent league"]
[Site "?"]
[Date "1984.02.21"]
[Round "?"]
[White "Stebbings, A."]
[Black "Hulm, S."]
[Result "1-0"]
[WhiteElo "2216"]
[BlackElo "1920"]
[PlyCount "67"]
[EventDate "1984.??.??"]

1. d4 Nf6 2. c4 g6 3. Nc3 Bg7 4. e4 d6 5. f3 c6 6. Be3 O-O 7. Qd2 d5 8. e5 Ne8
9. f4 f6 10. Nf3 Bg4 11. Be2 Bxf3 12. Bxf3 dxc4 13. Qe2 Qc7 14. Qxc4+ Kh8 15.
O-O Nd7 16. b4 Nb6 17. Qb3 g5 18. g3 gxf4 19. gxf4 Bh6 20. Be4 Ng7 21. Rf3 Qd7
22. Raf1 fxe5 23. dxe5 Nf5 24. Rd1 Qe8 25. Rh3 Qg6+ 26. Kh1 Qg4 27. Bxf5 Rxf5
28. Rg3 Qh4 29. Rdg1 Rff8 30. Qe6 Bxf4 31. Rh3 Qxh3 32. Qxh3 Bxe5 33. Ne4 Nd5
34. Ng5 1-0

[Event "Essex league"]
[Site "?"]
[Date "1984.02.23"]
[Round "?"]
[White "Carr, N."]
[Black "Stebbings, A."]
[Result "0-1"]
[WhiteElo "2272"]
[BlackElo "2216"]
[PlyCount "64"]
[EventDate "1984.??.??"]

1. e4 c5 2. c4 Nc6 3. Nc3 g6 4. g3 Bg7 5. Bg2 d6 6. d3 e6 7. Nge2 Nge7 8. a3
O-O 9. Rb1 b6 10. O-O Bb7 11. b4 Qd7 12. Be3 h6 13. Qd2 Kh7 14. f4 Nd4 15. g4
f5 16. gxf5 gxf5 17. Bf2 Rae8 18. Nxd4 Bxd4 19. Bxd4 cxd4 20. Ne2 e5 21. Ng3
fxe4 22. Nxe4 Nf5 23. fxe5 dxe5 24. c5 Ne3 25. Rf2 Qg4 26. Qe2 Qg7 27. Rc1 Bxe4
28. dxe4 Rxf2 29. Qxf2 Rg8 30. Rc2 Nxc2 31. Qxc2 d3 32. Qd2 Qxg2+ 0-1

[Event "London league"]
[Site "?"]
[Date "1984.02.29"]
[Round "?"]
[White "Lowe, S."]
[Black "Stebbings, A."]
[Result "1/2-1/2"]
[WhiteElo "2160"]
[BlackElo "2216"]
[PlyCount "41"]
[EventDate "1984.??.??"]

1. e4 c5 2. Nc3 Nc6 3. g3 g6 4. Bg2 Bg7 5. d3 d6 6. f4 e5 7. Nh3 Nge7 8. O-O
exf4 9. Nxf4 O-O 10. Be3 Ne5 11. h3 Bd7 12. Qd2 h6 13. Nfd5 Nxd5 14. Nxd5 Kh7
15. Rab1 Be6 16. Nc3 Qd7 17. Kh2 Rac8 18. a3 Rc7 19. Rf4 Kg8 20. Rf2 Kh7 21.
Rf4 1/2-1/2

[Event "County match"]
[Site "?"]
[Date "1984.03.03"]
[Round "?"]
[White "Dyson, A."]
[Black "Stebbings, A."]
[Result "1-0"]
[WhiteElo "2232"]
[BlackElo "2216"]
[PlyCount "57"]
[EventDate "1984.??.??"]

1. d4 Nf6 2. Bg5 Ne4 3. Bf4 c5 4. f3 Nf6 5. d5 Qb6 6. Nc3 Qxb2 7. Bd2 Qb6 8. e4
d6 9. f4 g6 10. Nf3 Bg7 11. Rb1 Qd8 12. Bd3 O-O 13. O-O Na6 14. a3 Nc7 15. Qe1
b6 16. Nd1 e6 17. c4 exd5 18. exd5 Bg4 19. Qh4 Qd7 20. Ne3 h6 21. Bc3 Rae8 22.
Rbe1 Bxf3 23. Rxf3 Qd8 24. Rg3 Na6 25. Rd1 Nc7 26. Nf5 Nh5 27. Qxh5 Bxc3 28.
Nxh6+ Kh7 29. Nxf7+ 1-0

[Event "London league"]
[Site "?"]
[Date "1984.03.07"]
[Round "?"]
[White "Briggs, J."]
[Black "Stebbings, A."]
[Result "0-1"]
[WhiteElo "2184"]
[BlackElo "2216"]
[PlyCount "60"]
[EventDate "1984.??.??"]

1. d4 Nf6 2. c4 g6 3. Nc3 d5 4. Nf3 Bg7 5. Qb3 dxc4 6. Qxc4 O-O 7. e4 Bg4 8.
Be3 Nfd7 9. Qb3 Nb6 10. Rd1 Nc6 11. d5 Ne5 12. Be2 Nxf3+ 13. gxf3 Bh5 14. Rg1
Kh8 15. Nb5 Qc8 16. Rg3 f5 17. Bd4 Bxd4 18. Nxd4 fxe4 19. fxe4 Bxe2 20. Kxe2 c6
21. Ne6 Rf6 22. Qc3 cxd5 23. Nc7 Rb8 24. Nxd5 Nxd5 25. Rxd5 Qe6 26. Re5 Qd7 27.
Rd3 Qg4+ 28. Kf1 Rc8 29. h3 Rxf2+ 30. Kxf2 Qf4+ 0-1

[Event "National Club ch."]
[Site "?"]
[Date "1984.03.11"]
[Round "?"]
[White "Stebbings, A."]
[Black "Lock, R."]
[Result "1-0"]
[WhiteElo "2216"]
[BlackElo "2016"]
[PlyCount "81"]
[EventDate "1984.??.??"]

1. e4 c5 2. Nf3 Nc6 3. d4 cxd4 4. Nxd4 e5 5. Nb5 a6 6. Nd6+ Bxd6 7. Qxd6 Qf6 8.
Qd1 Qg6 9. Nc3 d5 10. Nxd5 Qxe4+ 11. Be3 Nd4 12. Nc7+ Ke7 13. Qd3 Nxc2+ 14. Kd2
Qxd3+ 15. Bxd3 Nxe3 16. Nxa8 Nd5 17. Rac1 Ngf6 18. Nc7 Nb4 19. Rc4 Nxd3 20.
Kxd3 Bd7 21. Rhc1 Rd8 22. Ke3 Bf5 23. f3 Rd3+ 24. Ke2 Kd6 25. Rb4 Rd4 26. Rb6+
Kd7 27. Rxb7 Kd8 28. Rb8+ Kd7 29. Rb7 Kd8 30. Rb3 Rd6 31. Ra3 Bc8 32. Rd3 Rxd3
33. Kxd3 Bb7 34. b4 Kd7 35. b5 axb5 36. Nxb5 Nd5 37. g3 Ba6 38. a4 Nb4+ 39. Kc4
Nc6 40. Rd1+ Ke7 41. Kc5 1-0

[Event "Kent league"]
[Site "?"]
[Date "1984.03.13"]
[Round "?"]
[White "Stebbings, A."]
[Black "Oliver, N."]
[Result "1/2-1/2"]
[WhiteElo "2216"]
[BlackElo "2136"]
[PlyCount "71"]
[EventDate "1984.??.??"]

1. d4 Nf6 2. c4 d6 3. Nc3 e5 4. e4 Be7 5. Nf3 Bg4 6. d5 c5 7. Be2 Bxf3 8. Bxf3
O-O 9. O-O Nbd7 10. g3 Ne8 11. Bg2 Nc7 12. Qd3 a6 13. a4 Rb8 14. a5 b5 15. axb6
Rxb6 16. Na4 Rb7 17. Bd2 Qb8 18. Ra3 Nb6 19. Nxb6 Rxb6 20. Bc3 Rb3 21. Qc2 Rxa3
22. bxa3 Qa7 23. Rb1 Rb8 24. Rb3 g6 25. Qb2 Rxb3 26. Qxb3 Ne8 27. Ba5 f5 28.
Qb6 Qxb6 29. Bxb6 Kf7 30. exf5 gxf5 31. Bf3 Nf6 32. Bd1 Ne4 33. Ba5 Bg5 34. Bc2
Bc1 35. Bxe4 fxe4 36. a4 1/2-1/2

[Event "Essex league"]
[Site "?"]
[Date "1984.03.15"]
[Round "?"]
[White "Sutherland, N."]
[Black "Stebbings, A."]
[Result "1/2-1/2"]
[WhiteElo "1888"]
[BlackElo "2216"]
[PlyCount "43"]
[EventDate "1984.??.??"]

1. d4 Nf6 2. c4 g6 3. Nc3 d5 4. Nf3 Bg7 5. e3 O-O 6. Be2 c5 7. dxc5 dxc4 8. Qa4
Nc6 9. O-O Nd5 10. Bd2 Nxc3 11. Bxc3 Bxc3 12. bxc3 Bd7 13. Qxc4 Qc7 14. Qh4 Kg7
15. Bc4 h6 16. Rfd1 Rfd8 17. Bxf7 Kxf7 18. Qxh6 Rh8 19. Rxd7 Qxd7 20. Ng5+ Kf6
21. Ne4+ Kf7 22. Ng5+ 1/2-1/2

[Event "Kent league"]
[Site "?"]
[Date "1984.03.21"]
[Round "?"]
[White "Stebbings, A."]
[Black "Adkins, M."]
[Result "1-0"]
[WhiteElo "2216"]
[BlackElo "1904"]
[PlyCount "59"]
[EventDate "1984.??.??"]

1. e4 c6 2. d4 d5 3. exd5 cxd5 4. c4 Nf6 5. Nc3 e6 6. Nf3 Be7 7. cxd5 Nxd5 8.
Bd3 Nc6 9. O-O O-O 10. Re1 Bf6 11. Be4 Nce7 12. Ne5 g6 13. Bh6 Bg7 14. Qd2 b6
15. Bxd5 Nxd5 16. Nc6 Qd6 17. Nxd5 exd5 18. Rac1 Bxh6 19. Qxh6 Be6 20. Rc3 Rac8
21. Rec1 Bd7 22. Ne5 Rxc3 23. Rxc3 Rc8 24. Nxf7 Kxf7 25. Qxh7+ Kf6 26. Rxc8
Bxc8 27. Qh8+ Kg5 28. Qxc8 Qe7 29. Qc3 Qe2 30. Qe3+ 1-0

[Event "Eastman cup"]
[Site "London"]
[Date "1984.03.22"]
[Round "?"]
[White "Stebbings, A."]
[Black "Zaiger, V."]
[Result "1-0"]
[WhiteElo "2216"]
[BlackElo "1584"]
[PlyCount "53"]
[EventDate "1984.??.??"]

1. e4 e6 2. d4 d5 3. Nd2 Nf6 4. e5 Nfd7 5. f4 c5 6. c3 Nc6 7. Ndf3 cxd4 8. cxd4
Qb6 9. g3 Bb4+ 10. Kf2 f6 11. Kg2 fxe5 12. fxe5 O-O 13. Bd3 h6 14. Ne2 Qc7 15.
g4 b6 16. g5 Rxf3 17. Kxf3 Ndxe5+ 18. dxe5 Nxe5+ 19. Kg2 d4 20. Be4 Bb7 21. Ng3
d3 22. Qb3 Bxe4+ 23. Nxe4 Qe7 24. a3 Bd6 25. Bf4 Rc8 26. Rac1 Nc4 27. Nxd6 1-0

[Event "Eastman cup"]
[Site "London"]
[Date "1984.04.18"]
[Round "?"]
[White "Whiteley, A."]
[Black "Stebbings, A."]
[Result "1-0"]
[WhiteElo "2296"]
[BlackElo "2216"]
[PlyCount "67"]
[EventDate "1984.??.??"]

1. d4 Nf6 2. c4 e6 3. Nc3 Bb4 4. Qc2 c5 5. dxc5 O-O 6. a3 Bxc5 7. Nf3 Nc6 8.
Bf4 b6 9. e3 Bb7 10. Be2 Be7 11. h3 d6 12. O-O Rc8 13. Rfd1 a6 14. b4 a5 15.
Nb5 d5 16. Qb2 axb4 17. axb4 Ne4 18. cxd5 exd5 19. Nfd4 Nxd4 20. Qxd4 Re8 21.
Ra7 Bf6 22. Qd3 Re7 23. Bg4 Ra8 24. Rxa8 Qxa8 25. f3 Ng5 26. Bd6 Ne6 27. Bxe7
Bxe7 28. Qb3 Bf6 29. Nd6 Nc7 30. Qc2 Ne6 31. Bxe6 fxe6 32. Qc7 Bc6 33. Rc1 Be8
34. Qc8 1-0

[Event "Essex league"]
[Site "?"]
[Date "1984.04.26"]
[Round "?"]
[White "Stebbings, A."]
[Black "Marshall, A."]
[Result "1-0"]
[WhiteElo "2216"]
[BlackElo "2072"]
[PlyCount "74"]
[EventDate "1984.??.??"]

1. e4 c5 2. Nf3 d6 3. d4 cxd4 4. Nxd4 Nf6 5. Nc3 a6 6. f4 Qc7 7. a4 e5 8. Nf3
Be7 9. Bd3 Nbd7 10. O-O b6 11. Qe1 Bb7 12. Kh1 O-O 13. Nh4 Rfe8 14. Nf5 Nc5 15.
fxe5 dxe5 16. Qg3 g6 17. Bg5 Nh5 18. Nh6+ Kh8 19. Nxf7+ Kg8 20. Nh6+ Kh8 21.
Nf7+ Kg8 22. Qh4 Ne6 23. Bxe7 Qxe7 24. Qxe7 Rxe7 25. Nxe5 Nc5 26. Nc4 Nxe4 27.
Rae1 Rae8 28. Nxe4 Bxe4 29. Rxe4 Rxe4 30. Nd6 Rh4 31. Nxe8 Ng3+ 32. Kg1 Nxf1
33. Kxf1 Rxa4 34. Nc7 b5 35. Ke2 Kf8 36. Ne6+ Ke7 37. Nc5 Ra2 1-0

[Event "County match"]
[Site "?"]
[Date "1984.04.28"]
[Round "?"]
[White "Stebbings, A."]
[Black "Brameld, A."]
[Result "1/2-1/2"]
[WhiteElo "2216"]
[BlackElo "2224"]
[PlyCount "50"]
[EventDate "1984.??.??"]

1. e4 Nf6 2. e5 Nd5 3. d4 d6 4. Nf3 Bg4 5. Be2 e6 6. O-O Be7 7. h3 Bh5 8. c4
Nb6 9. Nc3 dxe5 10. Nxe5 Bxe2 11. Qxe2 O-O 12. Rd1 N8d7 13. Nf3 Nf6 14. Bf4 c6
15. Rac1 Rc8 16. Ne4 Nxe4 17. Qxe4 Nd7 18. Rc2 Nf6 19. Qe2 Qa5 20. b3 Rfd8 21.
Bd2 Qf5 22. Bc1 Qe4 23. Rd3 Qxe2 24. Rxe2 Kf8 25. Kf1 h6 1/2-1/2

[Event "National Club ch."]
[Site "?"]
[Date "1984.04.29"]
[Round "?"]
[White "Clegg, C."]
[Black "Stebbings, A."]
[Result "0-1"]
[WhiteElo "1952"]
[BlackElo "2216"]
[PlyCount "50"]
[EventDate "1984.??.??"]

1. e4 c5 2. Nc3 Nc6 3. g3 g6 4. Bg2 Bg7 5. d3 d6 6. Be3 e6 7. Qd2 Nd4 8. Nd1
Ne7 9. c3 Ndc6 10. Bh6 O-O 11. Bxg7 Kxg7 12. f4 e5 13. Nf3 exf4 14. gxf4 f5 15.
O-O fxe4 16. dxe4 d5 17. exd5 Nxd5 18. Ne1 Nxf4 19. Qe3 Qg5 20. Kh1 Bd7 21. Nf2
Rae8 22. Ne4 Qe5 23. Rxf4 Rxf4 24. Nd3 Rxe4 25. Bxe4 Qxe4+ 0-1

[Event "Kent league"]
[Site "?"]
[Date "1984.05.05"]
[Round "?"]
[White "Stebbings, A."]
[Black "Shire, D."]
[Result "1-0"]
[WhiteElo "2200"]
[BlackElo "2096"]
[PlyCount "129"]
[EventDate "1984.??.??"]

1. d4 Nf6 2. c4 g6 3. Nc3 Bg7 4. e4 d6 5. f3 O-O 6. Be3 e5 7. Nge2 c6 8. Qd2
Nbd7 9. O-O-O a6 10. Kb1 b5 11. Nc1 Re8 12. d5 b4 13. N3e2 cxd5 14. cxd5 Nb6
15. Qxb4 Rb8 16. Nc3 a5 17. Qa3 Bd7 18. Nb3 a4 19. Nd2 Qe7 20. Bxb6 Rxb6 21.
Nc4 Rbb8 22. Qxd6 Qd8 23. Qc5 Bf8 24. d6 Qc8 25. Qxc8 Rexc8 26. Rc1 Rc5 27. Be2
Rb4 28. Ne3 Bxd6 29. Ncd5 Nxd5 30. Nxd5 Rb7 31. Ba6 Ra7 32. Bc4 Kg7 33. Rhd1
Bb5 34. Ne3 Be7 35. Rd5 Bc6 36. Rd3 Bg5 37. Rcc3 Bxe3 38. Rxe3 Bb5 39. Bxb5
Rxb5 40. Red3 Rab7 41. b3 f6 42. Kb2 Kf7 43. Rc4 Ra7 44. Rdc3 Rbb7 45. a3 axb3
46. Rxb3 Rd7 47. Rbc3 g5 48. Rb4 Rd6 49. a4 h5 50. h3 h4 51. Kb3 Rd2 52. Rc2
Rad7 53. a5 R7d3+ 54. Kb2 Rxc2+ 55. Kxc2 Ra3 56. Rb7+ Ke6 57. Ra7 Ra2+ 58. Kb1
Rxg2 59. a6 Rg1+ 60. Kb2 Rg2+ 61. Kb1 Rg1+ 62. Kb2 Rg2+ 63. Kb3 Rg1 64. Ra8 Ra1
65. a7 1-0

[Event "Essex league"]
[Site "?"]
[Date "1984.05.08"]
[Round "?"]
[White "Stebbings, A."]
[Black "Bird, M."]
[Result "1-0"]
[WhiteElo "2200"]
[BlackElo "1840"]
[PlyCount "73"]
[EventDate "1984.??.??"]

1. d4 d5 2. c4 c6 3. Nc3 e6 4. e3 Nf6 5. Nf3 Nbd7 6. Qc2 Bd6 7. Bd2 a5 8. e4
dxe4 9. Nxe4 Nxe4 10. Qxe4 Nf6 11. Qc2 c5 12. Bc3 cxd4 13. Nxd4 Bd7 14. Be2 Qb6
15. O-O Bb4 16. Rfd1 O-O 17. b3 Bxc3 18. Qxc3 Rfc8 19. Bf3 Rc5 20. Nc2 Bc6 21.
Bxc6 Qxc6 22. Nd4 Qc7 23. Qf3 h6 24. Nb5 Qc6 25. Qe3 Rg5 26. f3 a4 27. Rd6 Qc5
28. Qxc5 Rxc5 29. Rad1 Rc6 30. Rd8+ Rxd8 31. Rxd8+ Kh7 32. Kf2 axb3 33. axb3
Ra6 34. Ke3 Ra2 35. Rd2 Rxd2 36. Kxd2 Nd7 37. Nd6 1-0

[Event "Kent league"]
[Site "?"]
[Date "1984.05.13"]
[Round "?"]
[White "Stebbings, A."]
[Black "Adkins, M."]
[Result "0-1"]
[WhiteElo "2200"]
[BlackElo "1912"]
[PlyCount "56"]
[EventDate "1984.??.??"]

1. d4 Nf6 2. c4 g6 3. Nc3 Bg7 4. e4 d6 5. f3 O-O 6. Be3 Nc6 7. Nge2 a6 8. a3
Re8 9. Qd2 Rb8 10. b4 Bd7 11. g4 b5 12. c5 a5 13. Rb1 axb4 14. axb4 dxc5 15.
bxc5 b4 16. Na2 e5 17. d5 Nd4 18. Bxd4 exd4 19. Bg2 Nxd5 20. exd5 d3 21. Qxd3
Bb5 22. Qe4 Bxe2 23. Kxe2 Qxd5 24. Nc1 f5 25. gxf5 gxf5 26. Qxe8+ Rxe8+ 27. Kf2
Qd2+ 28. Kg3 Be5+ 0-1

[Event "National Club ch."]
[Site "?"]
[Date "1984.05.20"]
[Round "?"]
[White "Bell, S."]
[Black "Stebbings, A."]
[Result "0-1"]
[WhiteElo "2224"]
[BlackElo "2200"]
[PlyCount "74"]
[EventDate "1984.??.??"]

1. e4 c5 2. Nf3 e6 3. Nc3 a6 4. g3 Nc6 5. Bg2 Nge7 6. O-O d6 7. d3 g6 8. Bg5
Bg7 9. Qd2 O-O 10. h4 e5 11. h5 Be6 12. h6 Bh8 13. Nh2 Qd7 14. Kh1 Rae8 15. f4
exf4 16. gxf4 f5 17. Rae1 Nd4 18. Nd5 Nxd5 19. exd5 Bf7 20. c3 Nb5 21. Nf3 Nc7
22. c4 Rxe1 23. Rxe1 Re8 24. Rb1 b5 25. Qf2 bxc4 26. dxc4 Re4 27. b3 Ne8 28.
Nd2 Rd4 29. b4 Qc7 30. bxc5 dxc5 31. Rc1 Nf6 32. Nb3 Ng4 33. Qxd4 Bxd4 34. Nxd4
cxd4 35. c5 Nf2+ 36. Kg1 Nd3 37. d6 Qd7 0-1

[Event "County match"]
[Site "?"]
[Date "1984.06.02"]
[Round "?"]
[White "Stebbings, A."]
[Black "Brown, SC."]
[Result "1-0"]
[WhiteElo "2200"]
[BlackElo "2184"]
[PlyCount "71"]
[EventDate "1984.??.??"]

1. e4 e5 2. Nf3 Nf6 3. Nxe5 d6 4. Nf3 Nxe4 5. d4 d5 6. Bd3 Be7 7. O-O Nc6 8.
Re1 Bg4 9. c3 f5 10. Nbd2 Qd6 11. Nf1 O-O-O 12. Qc2 Qg6 13. N3d2 Bh4 14. Ng3
Kb8 15. Ndf1 Bxg3 16. hxg3 Bh5 17. Bf4 Qf7 18. f3 Nd6 19. Bxd6 Rxd6 20. Bxf5
Rf6 21. Bd3 Bg6 22. Re2 h5 23. Rae1 h4 24. gxh4 a6 25. Nh2 Rxh4 26. Ng4 Bxd3
27. Qxd3 Rd6 28. b4 Qh5 29. Kf2 Qf7 30. Re8+ Ka7 31. Kg3 g5 32. Qe3 Qg7 33. a4
Rd8 34. b5 Rxe8 35. Qxe8 Nb8 36. Re7 1-0

[Event "Tournament: Thanet Open"]
[Site "Ramsgate"]
[Date "1984.09.01"]
[Round "?"]
[White "Brown, SD."]
[Black "Stebbings, A."]
[Result "0-1"]
[WhiteElo "2232"]
[BlackElo "2200"]
[PlyCount "70"]
[EventDate "1984.??.??"]

1. d4 Nf6 2. c4 e6 3. Nf3 Bb4+ 4. Bd2 Qe7 5. g3 Nc6 6. Bg2 Bxd2+ 7. Nbxd2 d6 8.
O-O O-O 9. Rb1 a5 10. a3 a4 11. e3 e5 12. d5 Nb8 13. Ne1 Nbd7 14. Qc1 Nc5 15.
b4 axb3 16. Nxb3 Bf5 17. Nc2 Nfd7 18. Nxc5 Nxc5 19. e4 Bd7 20. f4 exf4 21. gxf4
Ra4 22. Rb4 Nd3 23. Qe3 Nxb4 24. axb4 Ra2 25. Qc3 Re8 26. c5 Qf6 27. e5 dxe5
28. c6 bxc6 29. dxc6 Be6 30. f5 Bxf5 31. Ne3 Qg6 32. Rxf5 Rxg2+ 33. Kf1 Rxh2
34. b5 Rd8 35. Qb3 Rdd2 0-1

[Event "Tournament: Thanet Open"]
[Site "Ramsgate"]
[Date "1984.09.01"]
[Round "?"]
[White "Stebbings, A."]
[Black "Eley, B."]
[Result "1/2-1/2"]
[WhiteElo "2200"]
[BlackElo "2272"]
[PlyCount "108"]
[EventDate "1984.??.??"]

1. e4 e5 2. Nf3 Nc6 3. Bb5 Nf6 4. O-O Nxe4 5. d4 Nd6 6. Bxc6 dxc6 7. dxe5 Nf5
8. Qxd8+ Kxd8 9. Nc3 h6 10. Ne2 Be6 11. Nf4 Ke8 12. g4 Ne7 13. Nxe6 fxe6 14.
Nd4 Kf7 15. Bf4 Ng6 16. Bg3 h5 17. h3 hxg4 18. hxg4 Be7 19. Rad1 Rad8 20. Nb3
Rd5 21. c4 Rdd8 22. f4 Rxd1 23. Rxd1 Rb8 24. Na5 Nf8 25. Kg2 g6 26. Kf3 Bb4 27.
Nb3 b6 28. Nd4 Rd8 29. Ke2 Bc5 30. Nxc6 Rxd1 31. Kxd1 a5 32. Ke2 Ke8 33. Bf2
Nd7 34. Bxc5 Nxc5 35. Nd4 Ke7 36. Ke3 Na4 37. b3 Nc3 38. a3 Nd1+ 39. Ke2 Nc3+
40. Kd2 Ne4+ 41. Ke3 Nc5 42. b4 axb4 43. axb4 Na6 44. Nc2 Kf7 45. Ke4 Ke7 46.
f5 gxf5+ 47. gxf5 exf5+ 48. Kxf5 c6 49. b5 cxb5 50. cxb5 Nc7 51. Nd4 Nd5 52.
Nc6+ Kd7 53. Nd4 Ke7 54. Nc6+ Kd7 1/2-1/2